| 000 | 00732nam a22002057a 4500 | ||
|---|---|---|---|
| 008 | 110703s2006 ind|||||s|||| 00| 0 eng d | ||
| 020 | _a0672328704 | ||
| 020 | _a9780672328701 | ||
| 082 |
_222 _a005.7585 _bSQL |
||
| 245 |
_aMySQL Administrator's Guide and Language Reference / _cMySQL AB |
||
| 250 | _a2nd ed. | ||
| 260 |
_aIndianapolis, Ind. : _bMySQL Press, 2006. _c2006 |
||
| 300 |
_a1 CD-ROM ; _c(4 3/4 in.) |
||
| 650 |
_913766 _aSQL (Computer program language) |
||
| 650 |
_919158 _aDatabase management _xComputer programs |
||
| 653 | _bCS | ||
| 710 |
_913765 _aMySQL AB. |
||
| 942 |
_2ddc _cCDR |
||
| 999 |
_c15659 _d15659 |
||